| 000 | 00750nam a2200193 a 4500 | ||
|---|---|---|---|
| 008 | 061108s2000 ||||||||||||||||| || u | ||
| 050 | _aRA 644.A25 Piw | ||
| 100 | _aPiwoz, Ellen G | ||
| 245 | 1 | 0 | _aHIV/AIDS and nutrition |
| 246 | _aa review of the literature and recommendations for nutritional care and support in Sub-Saharan Africa | ||
| 260 |
_aWashington, D. C _bSARA _c2000 |
||
| 300 | _ax, 54p.;ill | ||
| 350 | _a0.00 | ||
| 650 | _aHIV/AIDS--AFRICA, SUB-SAHARAN | ||
| 650 | _aHEALTH | ||
| 650 | _aNUTRITION--SUB-SAHARAN, AFRICA | ||
| 700 | _aPrebble, Elizabeth A | ||
| 995 |
_D0.00 _FCBU-MAIN LIBRARY (Kitwe) _H1 _I0.00 _M1 _UAVAILABLE _WNov 8, 2006 _ZAnnex Low-Usage Collection |
||
| 999 |
_c45625 _d45625 |
||